00528nam a2200145 a 450000100100000000500170001000800410002704000250006810000370009324500590013026000420018930000290023195201050026099900170036500004044420201002034132.0130826s1977 dr 000 0 spa d aDO-SdBNPbspacBNPHU1 aCaro Álvarez, José A.93786610aCemíes y trigonolítos /cJosé A. Caro Álvarez. aBarcelona :bArtes Gráficas,c1977. a[34] p. :bil. ;c23 cm. 0010718PDaPDbPDcHDd2013-08-26iLF1l0o p40444-10r2020-06-25w2020-06-25yLFPDZNo se presta c39934d39934